| 000 | 01029nam a22002417a 4500 | ||
|---|---|---|---|
| 003 | OSt | ||
| 005 | 20210312104834.0 | ||
| 008 | 210312s2013 ck ao||gr|||| 00| 0 spa d | ||
| 020 | _a9789588181950 | ||
| 040 |
_aCO-JMCR _cCO-JMCR |
||
| 041 | 0 | _aspa | |
| 082 | 0 | 4 |
_a918.6116 / _bI597d _223 |
| 110 | 2 |
_aInstituto colombiano de antropología e historia _935987 |
|
| 245 | 1 | 0 |
_aDescubriendo el parque arqueológico nacional de Teyuna-Ciudad perdida : _blibro interactivo para niños / _cInstituto colombiano de antropología e historia ; asesor científico, Víctor González Fernández |
| 250 | _aPrimera edición | ||
| 260 |
_aBogotá : _bImprenta Nacional de Colombia _c2013 |
||
| 300 |
_a21 páginas : _bilustraciones y fotografías a color : _c16 x 22 cm + _e1 CD. |
||
| 490 | 0 | _aColección infantil ICANH | |
| 504 | _abibliografía : páginas [23]. | ||
| 650 | 1 | 4 |
_aParque arqueológico de Teyuna (Ciudad perdida) _zMagdalena (Colombia) _935988 |
| 650 | 2 | 4 |
_aParques arqueológicos _xGuías _935989 |
| 942 |
_2ddc _cBK |
||
| 999 |
_c15351 _d15351 |
||